000 00833cam a2200277 a 4500
001 17157755
003 OSt
005 20240925121313.0
008 060627r20092006ii a b 001 0 engod
010 _a 2012323604
020 _a9788184872019
025 _aI-E-2012-323604; 47
035 _a(OCoLC)ocn297207771
035 _a(OCoLC)297207771
037 _aLibrary of Congress -- New Delhi Overseas Office
040 _aDKAGE
_beng
_cDKAGE
_dOCLCQ
_dMEAUC
_dDLC
042 _alccopycat
_alcode
050 0 0 _aTP155.2.E58
_bA384 2009
082 0 4 _a660
_bAHL/G
100 _aAhluwalia, V K
_94137
245 1 0 _aGreen chemistry :
_ba textbook /
_cV.K. Ahluwalia.
250 _a1st ed.
260 _aNew Delhi :
_bNarosa,
_c2013.
650 0 _aGreen chemistry.
942 _2ddc
_cBK
_h660
_iAHL/G
_k660
_mAHL/G
999 _c41875
_d41875